000 00833cab a22002175a 4500
001 L146662
008 090212e20090207xxkao f s 000 0 eng d
035 _a(Sirsi) u146662
041 0 _aeng
100 1 _aPilkington, Lisa
245 0 0 _aFocus
_bEast Midlands industrial
260 _c2009
490 _aEstates Gazette
_v(0905) 7 February 2009, 89-97(8)
520 _aArticle provides overview of the industrial property market in the East Midlands. Includes sections on stock levels in Northamptonshire, and commentary from Derby and Leicestershire (among others), as industry seeks to weather the recession against a backdrop of falling take-up.
590 _aKA
651 4 _aEngland and Wales
_y1543-
690 _aPROPERTY-INDUSTRIAL PROPERTY
700 1 _aCunningham, Daniel
700 1 _aSmith, Melanie
942 _n0
999 _c81230
_d81230